|
|
|
|
| LEADER |
00000nam0a2200000 4500 |
| 001 |
142207 |
| 005 |
20231031142655.0 |
| 010 |
|
|
|a 5020034703
|
| 035 |
|
|
|a (RuTPU)RU\TPU\book\154114
|
| 090 |
|
|
|a 142207
|
| 100 |
|
|
|a 20080903d1990 k y0rusy50 ca
|
| 101 |
0 |
|
|a rus
|
| 102 |
|
|
|a RU
|
| 105 |
|
|
|a a z 001zy
|
| 200 |
1 |
|
|a Теоретические основы и методика гидрогеологического прогноза загрязнения подземных вод
|f Академия наук СССР (АН СССР), Научный совет по проблемам биосферы ; отв. ред. К. Е. Питьева, И. Е. Гвоздева
|
| 210 |
|
|
|a Москва
|c Наука
|d 1990
|
| 215 |
|
|
|a 191 с.
|c ил.
|
| 225 |
1 |
|
|a Современные проблемы биосферы
|
| 320 |
|
|
|a Библиография в конце статей
|
| 610 |
1 |
|
|a теоретические основы
|
| 610 |
1 |
|
|a методика
|
| 610 |
1 |
|
|a гидрогеологические прогнозы
|
| 610 |
1 |
|
|a загрязнение
|
| 610 |
1 |
|
|a подземные воды
|
| 610 |
1 |
|
|a сборники
|
| 675 |
|
|
|a 556.388
|v 3
|
| 702 |
|
1 |
|a Питьева
|b К. Е.
|g Клара Ефимовна
|4 340
|
| 702 |
|
1 |
|a Гвоздева
|b И. Е.
|4 340
|
| 712 |
0 |
2 |
|a Академия наук СССР (АН СССР)
|b Научный совет по проблемам биосферы
|2 stltpush
|3 (RuTPU)RU\TPU\col\722
|
| 801 |
|
1 |
|a RU
|b 63413507
|c 20080903
|g PSBO
|
| 801 |
|
2 |
|a RU
|b 63413507
|c 20091224
|g PSBO
|
| 942 |
|
|
|c BK
|